[Event "Titled Tuesday intern op 21st May Early"]
[Site "Chess.com INT"]
[Date "2024.05.21"]
[Round "8"]
[White "Doroodgar, Amir Hosein"]
[Black "Yuan, Qingyu"]
[Result "0-1"]
[WhiteElo "2302"]
[BlackElo "2360"]
[PlyCount "108"]
[EventDate "2024.05.21"]
[EventType "swiss (blitz)"]
[EventRounds "11"]
[EventCountry "USA"]
[SourceTitle "CB22_2024"]
[SourceDate "2024.05.29"]
[SourceVersion "1"]
[SourceVersionDate "2024.05.29"]
[SourceQuality "1"]

1. Nf3 d5 2. c4 e6 3. g3 Nf6 4. Bg2 dxc4 5. Qa4+ Bd7 6. Qxc4 c5 7. Ne5 Qc8 8. Nxd7 Qxd7 9. 0-0 Nc6 10. d3 Be7 11. Nc3 0-0 12. Be3 Rac8 13. Qa4 Rfd8 14. Rac1 b6 15. h3 h6 16. a3 Bf8 17. Rfd1 Nd4 18. Qxd7 Rxd7 19. Bxd4 Rxd4 20. Nb5 Rd7 21. a4 Nd5 22. d4 a6 23. Na3 Rcd8 24. Nc4 cxd4 25. Bxd5 Rxd5 26. Nxb6 R5d6 27. a5 e5 28. Rc7 e4 29. Kg2 d3 30. exd3 exd3 31. b4 d2 32. Kf3 Re6 33. Rc2 Bxb4 34. Rb2 Re1 35. Rbb1 Bxa5 36. Nc4 Bc3 37. Kg2 a5 38. g4 a4 39. f4 g6 40. Kf2 Kg7 41. Kf3 Rd3+ 42. Kf2 Bd4+ 43. Kg2 Bc3 44. h4 h5 45. g5 Rd4 46. Na3 Rxf4 47. Nb5 Ba5 48. Nd6 Rg4+ 49. Kf3 Rgg1 50. Rxd2 Bxd2 51. Rb7 Rgf1+ 52. Kg2 Rf5 53. Ra7 Re2+ 54. Kh3 Rh2+ 0-1

[Event "Titled Tuesday intern op 21st May Early"]
[Site "Chess.com INT"]
[Date "2024.05.21"]
[Round "2"]
[White "Helmer, Jan"]
[Black "Yuan, Qingyu"]
[Result "0-1"]
[WhiteElo "2214"]
[BlackElo "2360"]
[PlyCount "92"]
[EventDate "2024.05.21"]
[EventType "swiss (blitz)"]
[EventRounds "11"]
[EventCountry "USA"]
[SourceTitle "CB22_2024"]
[SourceDate "2024.05.29"]
[SourceVersion "1"]
[SourceVersionDate "2024.05.29"]
[SourceQuality "1"]

1. Nf3 d5 2. e3 Nf6 3. c4 e6 4. Nc3 Nbd7 5. b3 Bd6 6. Bb2 0-0 7. Be2 a6 8. 0-0 b6 9. Qc2 Bb7 10. d4 Qe7 11. a3 Rfe8 12. Rfe1 h6 13. h3 Rad8 14. cxd5 exd5 15. b4 Ne4 16. Rac1 Ndf6 17. Nxe4 Nxe4 18. Bd3 Ra8 19. Ne5 Qh4 20. Bxe4 dxe4 21. Qb3 Re6 22. Qd1 h5 23. Qe2 Rae8 24. Qf1 Qg5 25. Nc4 Bf8 26. Ne5 Bd6 27. Nc4 R8e7 28. Nxd6 Rxd6 29. Kh1 Rg6 30. Qg1 Bd5 31. Qh2 c6 32. Rg1 Kh7 33. h4 Qf5 34. g3 Ree6 35. Qg2 Ref6 36. Rgf1 Rg4 37. Kg1 Qg6 38. Kh2 Rf3 39. a4 Qf6 40. Rc2 g5 41. hxg5 Qxg5 42. Kg1 h4 43. a5 b5 44. Rc5 hxg3 45. Qh3+ Kg7 46. fxg3 Rgxg3+ 0-1

[Event "Titled Tuesday intern op 21st May Early"]
[Site "Chess.com INT"]
[Date "2024.05.21"]
[Round "6"]
[White "Sjugirov, Sanan"]
[Black "Yuan, Qingyu"]
[Result "0-1"]
[WhiteElo "2691"]
[BlackElo "2360"]
[PlyCount "88"]
[EventDate "2024.05.21"]
[EventType "swiss (blitz)"]
[EventRounds "11"]
[EventCountry "USA"]
[SourceTitle "CB22_2024"]
[SourceDate "2024.05.29"]
[SourceVersion "1"]
[SourceVersionDate "2024.05.29"]
[SourceQuality "1"]

1. d4 d5 2. c4 e6 3. Nc3 Nf6 4. cxd5 exd5 5. Bg5 c6 6. e3 h6 7. Bh4 Be7 8. Bd3 0-0 9. Nge2 Re8 10. 0-0 Nbd7 11. Qc2 a5 12. Rad1 b5 13. f3 Ba6 14. Bf2 Qb6 15. Qd2 b4 16. Na4 Qb7 17. Bxa6 Qxa6 18. Nf4 Qb5 19. b3 Nb6 20. Nxb6 Qxb6 21. Nd3 a4 22. Rc1 axb3 23. axb3 Ra3 24. Qc2 Rc8 25. h3 Qb5 26. Rfe1 Nd7 27. e4 dxe4 28. fxe4 Nf6 29. d5 Ra6 30. Ne5 c5 31. Nc4 Rca8 32. Rcd1 Ra2 33. Qd3 Nd7 34. e5 Qb7 35. Qf3 Nf8 36. Rd3 Ng6 37. Rf1 Rc2 38. Bg3 Bg5 39. Nd6 Qd7 40. Nxf7 Raa2 41. Nxg5 hxg5 42. e6 Qe7 43. d6 Qxe6 44. d7 Rxg2+ 0-1

[Event "Titled Tuesday intern op 21st May Late"]
[Site "Chess.com INT"]
[Date "2024.05.21"]
[Round "2"]
[White "Spata, German"]
[Black "Yuan, Qingyu"]
[Result "0-1"]
[WhiteElo "2424"]
[BlackElo "2360"]
[PlyCount "144"]
[EventDate "2024.05.21"]
[EventType "swiss (blitz)"]
[EventRounds "11"]
[EventCountry "USA"]
[SourceTitle "CB22_2024"]
[SourceDate "2024.05.29"]
[SourceVersion "1"]
[SourceVersionDate "2024.05.29"]
[SourceQuality "1"]

1. Nf3 d5 2. d4 Nf6 3. Bf4 e6 4. e3 Bd6 5. Bg3 0-0 6. Bd3 c5 7. c3 Qc7 8. 0-0 Nbd7 9. Nbd2 Bxg3 10. hxg3 e5 11. dxe5 Nxe5 12. Nxe5 Qxe5 13. Re1 g6 14. Qa4 Bd7 15. Qf4 Rfe8 16. Rad1 Bg4 17. Nf3 Qe7 18. Bb5 Red8 19. Rd2 Rd6 20. Qg5 Rad8 21. Bd3 Kg7 22. Qf4 a6 23. Nh2 h5 24. Nxg4 Nxg4 25. Be2 Nf6 26. Bf3 b5 27. Red1 a5 28. a4 b4 29. c4 Qd7 30. b3 d4 31. exd4 Rxd4 32. Rxd4 cxd4 33. Qe5 d3 34. Bd5 Qg4 35. f3 Qc8 36. Rxd3 Re8 37. Qd4 Re1+ 38. Kf2 Rc1 39. Qe3 Rc2+ 40. Rd2 Rc3 41. Rd3 Rc2+ 42. Kg1 Qc7 43. Qf4 Qc5+ 44. Qd4 Qe7 45. Re3 Qd7 46. Qe5 Qa7 47. Kh2 Qd7 48. Qe7 Qxe7 49. Rxe7 Nxd5 50. cxd5 Rd2 51. Rd7 Kf6 52. Rd8 Ke7 53. Rb8 Rxd5 54. Rb7+ Ke6 55. Rb6+ Ke5 56. f4+ Kd4 57. Rc6 Rc5 58. Rb6 Kc3 59. Rb5 Kd4 60. Rb6 Kc3 61. Rb5 Rc8 62. Rxa5 Kxb3 63. Ra7 Ka2 64. a5 b3 65. Rb7 b2 66. a6 b1Q 67. Rxb1 Kxb1 68. g4 hxg4 69. Kg3 Kc2 70. Kxg4 Rc6 71. Kg5 Rxa6 72. f5 Ra5 0-1

[Event "Titled Tuesday intern op 21st May Early"]
[Site "Chess.com INT"]
[Date "2024.05.21"]
[Round "10"]
[White "Teterev, Vitaly"]
[Black "Yuan, Qingyu"]
[Result "0-1"]
[WhiteElo "2257"]
[BlackElo "2360"]
[PlyCount "58"]
[EventDate "2024.05.21"]
[EventType "swiss (blitz)"]
[EventRounds "11"]
[EventCountry "USA"]
[SourceTitle "CB22_2024"]
[SourceDate "2024.05.29"]
[SourceVersion "1"]
[SourceVersionDate "2024.05.29"]
[SourceQuality "1"]

1. e4 c6 2. d4 d5 3. exd5 cxd5 4. Bd3 Nc6 5. c3 Nf6 6. h3 e5 7. dxe5 Nxe5 8. Nf3 Nxd3+ 9. Qxd3 Bd6 10. 0-0 0-0 11. Bg5 h6 12. Bh4 g5 13. Bg3 Nh5 14. Bxd6 Qxd6 15. Re1 Nf4 16. Qd4 Bxh3 17. gxh3 Qd7 18. Re3 Qxh3 19. Ne1 Qg4+ 20. Kf1 Rae8 21. Nd2 Qh5 22. Kg1 Qg4+ 23. Kf1 Qh5 24. Kg1 Ne2+ 25. Rxe2 Rxe2 26. Nf1 Rfe8 27. Ng2 Qf3 28. Nh2 Qe4 29. Rb1 Qxb1+ 0-1

[Event "Titled Tuesday intern op 21st May Late"]
[Site "Chess.com INT"]
[Date "2024.05.21"]
[Round "3"]
[White "Vachier Lagrave, Maxime"]
[Black "Yuan, Qingyu"]
[Result "1/2-1/2"]
[WhiteElo "2732"]
[BlackElo "2360"]
[PlyCount "143"]
[EventDate "2024.05.21"]
[EventType "swiss (blitz)"]
[EventRounds "11"]
[EventCountry "USA"]
[SourceTitle "CB22_2024"]
[SourceDate "2024.05.29"]
[SourceVersion "1"]
[SourceVersionDate "2024.05.29"]
[SourceQuality "1"]

1. e4 c6 2. d4 d5 3. e5 c5 4. Ne2 Nc6 5. c3 cxd4 6. cxd4 Bf5 7. Nbc3 e6 8. Ng3 Bg6 9. h4 h5 10. Be2 Qb6 11. Be3 Qxb2 12. Nb5 Bb4+ 13. Kf1 Rc8 14. a3 Be7 15. Rc1 a6 16. Nc3 Bxa3 17. Na4 Qb4 18. Ra1 Nge7 19. Bd2 Qxd4 20. Rxa3 Nxe5 21. Bc3 Qxd1+ 22. Bxd1 Nc4 23. Ra1 e5 24. Kg1 d4 25. Bb4 Nd5 26. Ba3 b5 27. Nb2 Nc3 28. Kh2 f6 29. Bb3 Kd7 30. Rhc1 Nxa3 31. Rxa3 Rc6 32. Bc2 Bxc2 33. Rxc2 g6 34. Nd3 Ra8 35. Rb2 a5 36. f3 Raa6 37. Ne4 Ke7 38. Nxc3 dxc3 39. Rxb5 c2 40. Nc1 a4 41. Rb2 Rc4 42. Raa2 Rxh4+ 43. Kg3 Rc4 44. Rxc2 Rxc2 45. Rxc2 a3 46. Na2 Ke6 47. Rc3 Kf5 48. Kf2 h4 49. Kg1 g5 50. Kh2 Ra4 51. Kh3 Kf4 52. Rb3 Ra5 53. Rb6 f5 54. Rb3 e4 55. fxe4 fxe4 56. Rb1 e3 57. Nc3 a2 58. Ra1 Ra3 59. Ne2+ Ke4 60. Kg4 Kd3 61. Nc1+ Kd2 62. Nxa2 e2 63. Kxg5 e1Q 64. Rxe1 Kxe1 65. Nb4 Rb3 66. Nd5 Rd3 67. Nf4 Rg3+ 68. Kxh4 Kf2 69. Nh3+ Kxg2 70. Ng5 Kf2 71. Ne4+ Kf3 72. Nxg3 1/2-1/2

[Event "Titled Tuesday intern op 14th May Late"]
[Site "Chess.com INT"]
[Date "2024.05.14"]
[Round "8"]
[White "Makarian, Rudik"]
[Black "Yuan, Qingyu"]
[Result "1-0"]
[WhiteElo "2533"]
[BlackElo "2361"]
[PlyCount "155"]
[EventDate "2024.05.14"]
[EventType "swiss (blitz)"]
[EventRounds "11"]
[EventCountry "USA"]
[SourceTitle "CB21_2024"]
[SourceDate "2024.05.22"]
[SourceVersion "1"]
[SourceVersionDate "2024.05.22"]
[SourceQuality "1"]

1. d4 d5 2. c4 e6 3. Nf3 Nf6 4. Nc3 a6 5. cxd5 exd5 6. Bg5 Be6 7. e3 Nbd7 8. Bf4 Nb6 9. h3 Bd6 10. Bd3 h6 11. 0-0 0-0 12. Re1 c6 13. Qc2 Qc7 14. Ne2 Nh5 15. Bxd6 Qxd6 16. Ne5 g6 17. Nf4 Ng7 18. Bxg6 fxg6 19. Qxg6 Qe7 20. Qxh6 Bf5 21. Nh5 Nxh5 22. Qxh5 Qg7 23. e4 dxe4 24. Re3 Qh7 25. Rg3+ Kh8 26. Qg5 Nd5 27. Qd2 Rg8 28. Qe2 Raf8 29. Rf1 Nf4 30. Qe3 Nd5 31. Qe2 Qh4 32. Kh2 Kh7 33. Qd1 Qh6 34. Qe2 Rg7 35. Nc4 Rfg8 36. Ne5 Nf4 37. Qe3 Nd5 38. Qe2 Qh4 39. Rxg7+ Rxg7 40. g4 Nf4 41. Qe3 Nd5 42. Qe2 Bg6 43. Rg1 Nf4 44. Qe3 Nd5 45. Qe2 Nf6 46. Rg3 Kg8 47. Qe3 Bh7 48. Qb3+ Kh8 49. Qe6 Bg8 50. Qf5 Nh7 51. Qxe4 Rg5 52. Ng6+ Rxg6 53. Qxg6 Bd5 54. Qf5 Ng5 55. Qf8+ Kh7 56. Qf5+ Kg7 57. Re3 Nf7 58. Qf4 Qd8 59. Kg3 Qd7 60. h4 Nd6 61. Qg5+ Kf7 62. Qh5+ Kg7 63. Qg5+ Kf7 64. h5 Qc7 65. Qf4+ Kg7 66. f3 Qd7 67. Qe5+ Kh7 68. Qe7+ Qxe7 69. Rxe7+ Kg8 70. b3 Nb5 71. f4 Nxd4 72. f5 b5 73. Kf4 c5 74. h6 Nc6 75. Rd7 Nb4 76. g5 c4 77. g6 c3 78. Rd8# 1-0

[Event "Titled Tuesday intern op 30th Apr Early"]
[Site "Chess.com INT"]
[Date "2024.04.30"]
[Round "3"]
[White "Vivas Zamora, Fabian Ernesto"]
[Black "Yuan, Qingyu"]
[Result "1-0"]
[WhiteElo "2385"]
[BlackElo "2360"]
[PlyCount "151"]
[EventDate "2024.04.30"]
[EventType "swiss (blitz)"]
[EventRounds "11"]
[EventCountry "USA"]
[SourceTitle "CB19_2024"]
[SourceDate "2024.05.08"]
[SourceVersion "1"]
[SourceVersionDate "2024.05.08"]
[SourceQuality "1"]

1. e4 c6 2. Nf3 d5 3. Nc3 dxe4 4. Nxe4 Nf6 5. Qe2 Nxe4 6. Qxe4 Nd7 7. Bc4 Nf6 8. Qe2 Bf5 9. d3 e6 10. Nh4 Bg4 11. f3 Bh5 12. Bd2 Be7 13. g3 Nd5 14. Ng2 Bf6 15. 0-0-0 Qb6 16. Bb3 a5 17. a4 0-0 18. h4 h6 19. g4 Bg6 20. g5 Bd4 21. h5 Bh7 22. g6 fxg6 23. Qxe6+ Kh8 24. hxg6 Rf6 25. Qh3 Rxg6 26. Nh4 Rf6 27. Qg4 Ne3 28. Bxe3 Bxe3+ 29. Kb1 Bg5 30. Rdg1 Raf8 31. f4 Rxf4 32. Qxg5 Rf1+ 33. Ka2 Rxg1 34. Ng6+ Bxg6 35. Rxh6+ gxh6 36. Qxh6+ Bh7 37. Qxf8+ Rg8 38. Qf6+ Rg7 39. Qf8+ Bg8 40. Bxg8 Qb4 41. Qxb4 axb4 42. Bc4 Kh7 43. Kb3 c5 44. a5 Kg6 45. Ka4 Kf6 46. Kb5 Rg2 47. Kxc5 Rxc2 48. b3 Ra2 49. Kxb4 Ke5 50. Kb5 Kd6 51. Kb6 Ra3 52. b4 Ra4 53. b5 Kd7 54. a6 bxa6 55. bxa6 Rb4+ 56. Bb5+ Kc8 57. Kc5 Rb2 58. Bc6 Kb8 59. d4 Rc2+ 60. Kb6 Rb2+ 61. Bb5 Ra2 62. d5 Ra3 63. d6 Kc8 64. d7+ Kd8 65. a7 Ra1 66. Kb7 Ra5 67. a8Q+ Rxa8 68. Kxa8 Kc7 69. Ka7 Kd8 70. Kb6 Ke7 71. Kc7 Kf7 72. d8Q Kg7 73. Qd6 Kf7 74. Kd7 Kg8 75. Qe7 Kh8 76. Ke6 1-0

[Event "Titled Tuesday intern op 23rd Apr Late"]
[Site "Chess.com INT"]
[Date "2024.04.23"]
[Round "8"]
[White "Vovk, Orest"]
[Black "Yuan, Qingyu"]
[Result "0-1"]
[WhiteElo "2315"]
[BlackElo "2360"]
[PlyCount "62"]
[EventDate "2024.04.23"]
[EventType "swiss (blitz)"]
[EventRounds "11"]
[EventCountry "USA"]
[SourceTitle "CB18_2024"]
[SourceDate "2024.05.01"]
[SourceVersion "1"]
[SourceVersionDate "2024.05.01"]
[SourceQuality "2"]

1. h4 Nf6 2. h5 h6 3. Nc3 d5 4. e4 dxe4 5. Qe2 Bf5 6. Qb5+ Bd7 7. Qxb7 Nc6 8. Bb5 Rb8 9. Qa6 Nd4 10. Bxd7+ Qxd7 11. Qxa7 Rd8 12. Kd1 e5 13. Rh4 Be7 14. Qa4 c6 15. Nxe4 Ng4 16. Nf3 Bxh4 17. Nxh4 0-0 18. f3 Ne3+ 19. dxe3 Nb3+ 20. Ke2 Qd1+ 21. Kf2 Nxa1 22. Qxc6 Qxc1 23. Nf5 Qxc2+ 24. Qxc2 Nxc2 25. Ne7+ Kh7 26. a3 Rb8 27. b4 Nxa3 28. Nc6 Rb5 29. Nxe5 Rxe5 30. Nc5 Rxc5 31. bxc5 Rc8 0-1

[Event "Titled Tuesday intern op 16th Apr Late"]
[Site "Chess.com INT"]
[Date "2024.04.16"]
[Round "4"]
[White "Yuan, Qingyu"]
[Black "Khater, Sherif"]
[Result "0-1"]
[WhiteElo "2360"]
[BlackElo "2012"]
[PlyCount "140"]
[EventDate "2024.04.16"]
[EventType "swiss (blitz)"]
[EventRounds "11"]
[EventCountry "USA"]
[SourceTitle "CB17_2024"]
[SourceDate "2024.04.24"]
[SourceVersion "1"]
[SourceVersionDate "2024.04.24"]
[SourceQuality "1"]

1. e4 e5 2. Nf3 Nc6 3. Bb5 Nge7 4. 0-0 g6 5. d4 exd4 6. Nxd4 Bg7 7. c3 a6 8. Be2 0-0 9. Bg5 h6 10. Bh4 g5 11. Bg3 d5 12. Nxc6 bxc6 13. exd5 cxd5 14. Nd2 Nf5 15. Nb3 Nxg3 16. fxg3 a5 17. Bd3 a4 18. Nd4 a3 19. b4 c5 20. bxc5 Qa5 21. Rc1 Qxc5 22. Bb1 Ba6 23. Rf2 Rfe8 24. h3 Rac8 25. Qc2 Re4 26. Nb3 Qxc3 27. Qxc3 Rxc3 28. Bxe4 Rxc1+ 29. Nxc1 dxe4 30. Rc2 Bd4+ 31. Kh2 Bb2 32. g4 Kg7 33. Ne2 Bd3 34. Rd2 Kf6 35. Kg1 Ke5 36. Kf2 Bc4 37. Rc2 Bxa2 38. Rc5+ Kf6 39. Rb5 Be6 40. Ra5 a2 41. Ng3 Kg7 42. Nxe4 a1Q 43. Rxa1 Bxa1 44. Ke2 Bd4 45. Ng3 Be5 46. Nh5+ Kg6 47. Kf2 f5 48. Kf3 fxg4+ 49. hxg4 Bd5+ 50. Kf2 Kf7 51. Kf1 Ke6 52. Kf2 Kd6 53. Ng3 Bxg3+ 54. Kxg3 Ke5 55. Kh3 Kf4 56. g3+ Kf3 57. Kh2 Kxg4 58. Kg1 Kxg3 59. Kf1 h5 60. Kg1 h4 61. Kf1 h3 62. Ke2 h2 63. Ke3 g4 64. Kd2 h1Q 65. Ke2 Qf3+ 66. Ke1 Qg2 67. Kd1 Qf2 68. Kc1 Kf3 69. Kd1 g3 70. Kc1 g2 0-1

[Event "Titled Tuesday intern op 16th Apr Late"]
[Site "Chess.com INT"]
[Date "2024.04.16"]
[Round "10"]
[White "Yuan, Qingyu"]
[Black "Paravyan, David"]
[Result "1-0"]
[WhiteElo "2360"]
[BlackElo "2606"]
[PlyCount "81"]
[EventDate "2024.04.16"]
[EventType "swiss (blitz)"]
[EventRounds "11"]
[EventCountry "USA"]
[SourceTitle "CB17_2024"]
[SourceDate "2024.04.24"]
[SourceVersion "1"]
[SourceVersionDate "2024.04.24"]
[SourceQuality "1"]

1. e4 e5 2. Nf3 Nf6 3. Nxe5 d6 4. Nf3 Nxe4 5. d3 Nf6 6. d4 d5 7. Bd3 Bd6 8. Qe2+ Be7 9. Bf4 0-0 10. 0-0 Nc6 11. c3 Bg4 12. h3 Bh5 13. Nbd2 Re8 14. Qd1 Bd6 15. Bxd6 Qxd6 16. Qb3 b6 17. Rfe1 Bg6 18. Ba6 Ne4 19. Qa4 Re6 20. Nxe4 dxe4 21. Ng5 Ne7 22. Nxe6 Qxe6 23. Qc4 Qxc4 24. Bxc4 Kf8 25. Ba6 Rb8 26. a4 f5 27. f3 exf3 28. gxf3 Nd5 29. Re5 Nf4 30. Kh2 Rd8 31. Rae1 c5 32. Kg3 Nh5+ 33. Kf2 cxd4 34. Rd1 d3 35. Rxd3 Rb8 36. Rd7 Nf4 37. Kg3 Nh5+ 38. Kf2 Nf4 39. h4 Kg8 40. Ree7 Kf8 41. Rxa7 1-0

[Event "Titled Tuesday intern op 12th Mar Early"]
[Site "Chess.com INT"]
[Date "2024.03.12"]
[Round "11"]
[White "Seo, Jung Min"]
[Black "Yuan, Qingyu"]
[Result "0-1"]
[WhiteElo "2450"]
[BlackElo "2360"]
[PlyCount "76"]
[EventDate "2024.03.12"]
[EventType "swiss (blitz)"]
[EventRounds "11"]
[EventCountry "USA"]
[SourceTitle "CB12_2024"]
[SourceDate "2023.10.01"]
[SourceVersion "1"]
[SourceVersionDate "2023.10.01"]
[SourceQuality "1"]

1. c4 e6 2. g3 d5 3. Bg2 Nf6 4. Nf3 dxc4 5. Qa4+ Bd7 6. Qxc4 c5 7. Ne5 Qc8 8. Qd3 Nc6 9. Nxd7 Nxd7 10. 0-0 Be7 11. Nc3 0-0 12. b3 Nf6 13. Bb2 Rd8 14. Qc2 Qd7 15. Rad1 Rac8 16. Ne4 Nd4 17. Qd3 Nd5 18. e3 Nb4 19. Qb1 Nf5 20. a3 Nd3 21. Ba1 b5 22. Nc3 c4 23. bxc4 bxc4 24. a4 Rb8 25. Qc2 h6 26. Nb5 a6 27. Nd4 Nxd4 28. Bxd4 Rb4 29. a5 Bc5 30. Bc3 Rb5 31. Ra1 Bb4 32. Ra4 Bxc3 33. Qxc3 Nb2 34. Rb4 Rxb4 35. Qxb4 Qxd2 36. Qb6 c3 37. Qxa6 c2 38. Qc6 Nd1 0-1

[Event "Titled Tuesday intern op 12th Mar Early"]
[Site "Chess.com INT"]
[Date "2024.03.12"]
[Round "8"]
[White "Yuan, Qingyu"]
[Black "Pinero Rodriguez, Carlos Jose"]
[Result "1-0"]
[WhiteElo "2360"]
[BlackElo "2284"]
[PlyCount "100"]
[EventDate "2024.03.12"]
[EventType "swiss (blitz)"]
[EventRounds "11"]
[EventCountry "USA"]
[SourceTitle "CB12_2024"]
[SourceDate "2023.10.01"]
[SourceVersion "1"]
[SourceVersionDate "2023.10.01"]
[SourceQuality "1"]

1. e4 c5 2. Nf3 e6 3. d3 Nc6 4. g3 d5 5. Nbd2 Nf6 6. Bg2 Be7 7. 0-0 0-0 8. Re1 b5 9. e5 Nd7 10. h4 b4 11. Nf1 a5 12. Bf4 Nd4 13. h5 h6 14. N1h2 Ba6 15. Nxd4 cxd4 16. Qd2 Kh7 17. Ng4 Bg5 18. a3 Bxf4 19. Qxf4 Qb6 20. axb4 Qxb4 21. b3 Rac8 22. Re2 Bb5 23. Nh2 Qc3 24. Ra2 f6 25. exf6 Rxf6 26. Qg4 Nf8 27. Nf3 Qb4 28. Qxd4 Nd7 29. Qxb4 axb4 30. Nd4 Rb8 31. Rxe6 Rxe6 32. Nxe6 Nf6 33. Bf3 Bd7 34. Nf4 Bc6 35. Ra6 Rc8 36. d4 Be8 37. Be2 Kg8 38. Bd3 Nxh5 39. Nxd5 Rd8 40. Ne7+ Kf8 41. Nf5 Nf6 42. Nxh6 Bh5 43. Kg2 Rxd4 44. Nf5 Rd5 45. Ra8+ Kf7 46. Ra7+ Ke6 47. Nxg7+ Kd6 48. Ra6+ Ke5 49. f4+ Kd4 50. Rxf6 Bd1 1-0

[Event "Titled Tuesday intern op 27th Feb Late"]
[Site "Chess.com INT"]
[Date "2024.02.27"]
[Round "5"]
[White "Osmak, Iulija"]
[Black "Yuan, Qingyu"]
[Result "0-1"]
[WhiteElo "2452"]
[BlackElo "2360"]
[PlyCount "78"]
[EventDate "2024.02.27"]
[EventType "swiss (blitz)"]
[EventRounds "11"]
[EventCountry "USA"]
[SourceTitle "CB10_2024"]
[SourceDate "2024.03.06"]
[SourceVersion "1"]
[SourceVersionDate "2024.03.06"]
[SourceQuality "1"]

1. e4 c6 2. d4 d5 3. exd5 cxd5 4. Bd3 Nc6 5. c3 Nf6 6. h3 e5 7. dxe5 Nxe5 8. Nf3 Nxd3+ 9. Qxd3 Bd6 10. 0-0 0-0 11. Bg5 h6 12. Bh4 g5 13. Bg3 Bxg3 14. fxg3 Qb6+ 15. Qd4 Ne4 16. Qxb6 axb6 17. g4 Re8 18. Nbd2 Nc5 19. Rfe1 Rxe1+ 20. Rxe1 Be6 21. a3 Nd3 22. Rb1 Kg7 23. Ne1 Nc5 24. Ndf3 Na4 25. Nd4 Re8 26. Nd3 Bd7 27. Kf2 Nc5 28. Rd1 Ba4 29. Nf5+ Kg6 30. Nxc5 Bxd1 31. Nxb7 Re2+ 32. Kg3 Bb3 33. Nd8 Rxb2 34. Nc6 f6 35. Nce7+ Kf7 36. Nc8 Bc2 37. Nxh6+ Ke6 38. Ng8 Be4 39. Nce7 Rxg2# 0-1

[Event "Titled Tuesday intern op 27th Feb Late"]
[Site "Chess.com INT"]
[Date "2024.02.27"]
[Round "7"]
[White "Yelisieiev, Yevhenii"]
[Black "Yuan, Qingyu"]
[Result "1/2-1/2"]
[WhiteElo "2411"]
[BlackElo "2360"]
[PlyCount "96"]
[EventDate "2024.02.27"]
[EventType "swiss (blitz)"]
[EventRounds "11"]
[EventCountry "USA"]
[SourceTitle "CB10_2024"]
[SourceDate "2024.03.06"]
[SourceVersion "1"]
[SourceVersionDate "2024.03.06"]
[SourceQuality "1"]

1. d4 d5 2. c4 e6 3. Nf3 Nf6 4. Nc3 a6 5. cxd5 exd5 6. Bg5 Be6 7. e3 Nbd7 8. Bd3 c6 9. 0-0 Bd6 10. h3 Qc7 11. Rc1 0-0 12. Qc2 h6 13. Bxf6 Nxf6 14. Na4 Qe7 15. Nc5 Rad8 16. Bf5 Bxf5 17. Qxf5 Bxc5 18. Rxc5 Ne4 19. Rc2 Rfe8 20. Ne5 g6 21. Qf4 Kg7 22. a3 Nd6 23. Rc3 h5 24. Rb3 Rc8 25. Rc1 Rc7 26. Nd3 Nc4 27. Nc5 a5 28. a4 b6 29. Nd3 Rb7 30. Rbc3 b5 31. b3 Nb6 32. Rxc6 bxa4 33. Nc5 axb3 34. Nxb7 b2 35. Rb1 Nc4 36. Rc7 Qe6 37. Nc5 Qf6 38. Qxf6+ Kxf6 39. Rb7 Rc8 40. Na4 Nd2 41. R1xb2 Rc1+ 42. Kh2 Nf1+ 43. Kg1 Nxe3+ 44. Kh2 Nf1+ 45. Kh1 Nd2+ 46. Kh2 Nf1+ 47. Kg1 Ng3+ 48. Kh2 Nf1+ 1/2-1/2

[Event "Titled Tuesday intern op 27th Feb Late"]
[Site "Chess.com INT"]
[Date "2024.02.27"]
[Round "6"]
[White "Yuan, Qingyu"]
[Black "Novik, Maxim"]
[Result "0-1"]
[WhiteElo "2360"]
[BlackElo "2408"]
[PlyCount "112"]
[EventDate "2024.02.27"]
[EventType "swiss (blitz)"]
[EventRounds "11"]
[EventCountry "USA"]
[SourceTitle "CB10_2024"]
[SourceDate "2024.03.06"]
[SourceVersion "1"]
[SourceVersionDate "2024.03.06"]
[SourceQuality "1"]

1. e4 c6 2. d4 d5 3. exd5 cxd5 4. Bd3 Nf6 5. h3 Nc6 6. c3 e5 7. dxe5 Nxe5 8. Nf3 Nxd3+ 9. Qxd3 Bc5 10. 0-0 0-0 11. Be3 Bxe3 12. Qxe3 Re8 13. Qd3 Qb6 14. b3 Bd7 15. Nd4 Ne4 16. Nd2 Qg6 17. Nxe4 dxe4 18. Qe3 f5 19. Qf4 Rac8 20. c4 Qf6 21. h4 h6 22. Rad1 g5 23. Qd2 f4 24. Ne2 Bg4 25. hxg5 hxg5 26. f3 Rcd8 27. Qc3 Qxc3 28. Nxc3 Rxd1 29. Nxd1 exf3 30. gxf3 Bh3 31. Nf2 Bxf1 32. Kxf1 Re3 33. Kg2 Kg7 34. Ng4 Re2+ 35. Kh3 Rxa2 36. Ne5 Rb2 37. Kg4 Kf6 38. Nd7+ Ke7 39. Nc5 b6 40. Ne4 Rxb3 41. Nxg5 a5 42. Kxf4 a4 43. Ne4 a3 44. Nd2 Rb2 45. Ne4 a2 46. Nc3 a1Q 47. Nd5+ Kd6 48. Nf6 Qc1+ 49. Kf5 Qxc4 50. f4 Rf2 51. Ne4+ Qxe4+ 52. Kxe4 b5 53. Ke3 Rf1 54. Ke2 Rxf4 55. Ke3 Ke5 56. Kd3 Rc4 0-1